Raja Rammohun Roy And the inmdian renaissance / (Record no. 126428)

MARC details
000 -LEADER
fixed length control field 00801nam a22002657a 4500
003 - CONTROL NUMBER IDENTIFIER
control field 0
005 - DATE AND TIME OF LATEST TRANSACTION
control field 20180726142108.0
008 - FIXED-LENGTH DATA ELEMENTS--GENERAL INFORMATION
fixed length control field 0
010 ## - LIBRARY OF CONGRESS CONTROL NUMBER
LC control number A-464854
020 ## - INTERNATIONAL STANDARD BOOK NUMBER
Terms of availability 00.00
International Standard Book Number 8170992397
035 ## - SYSTEM CONTROL NUMBER
System control number A-464854, A-464855
037 ## - SOURCE OF ACQUISITION
Source of stock number/acquisition Cen Lib/Ret
040 ## - CATALOGING SOURCE
Original cataloging agency DPL
Language of cataloging EN
Transcribing agency 0
082 ## - DEWEY DECIMAL CLASSIFICATION NUMBER
Classification number 303.484092
Item number AHL
100 ## - MAIN ENTRY--PERSONAL NAME
Personal name Ahluwalia, Shashi
9 (RLIN) 17500
245 ## - TITLE STATEMENT
Title Raja Rammohun Roy And the inmdian renaissance /
Statement of responsibility, etc by Shashi Ahluwalia [and] Meenakshi Ahluwalia
260 ## - PUBLICATION, DISTRIBUTION, ETC. (IMPRINT)
Place of publication, distribution, etc New Delhi
Name of publisher, distributor, etc Mittal publiocations
270 ## - ADDRESS
City New Delhi
Address A-110, Mohan garden
Postal code 110059
300 ## - PHYSICAL DESCRIPTION
Extent 238p.
Dimensions 21cm(Hb)
500 ## - GENERAL NOTE
General note Includes index
650 ## - SUBJECT ADDED ENTRY--TOPICAL TERM
Topical term or geographic name as entry element Social science
9 (RLIN) 32103
650 ## - SUBJECT ADDED ENTRY--TOPICAL TERM
Topical term or geographic name as entry element Religious thought
9 (RLIN) 12999
700 ## - ADDED ENTRY--PERSONAL NAME
9 (RLIN) 7038
Personal name Ahluwalia, Meenakshi
942 ## - ADDED ENTRY ELEMENTS (KOHA)
Source of classification or shelving scheme Dewey Decimal Classification
Koha item type English Books
Classification part 303.484092
Call number suffix AHL
Holdings
Withdrawn status Lost status Damaged status Not for loan Home library Current library Date acquired Source of acquisition Cost, normal purchase price Total Checkouts Full call number Barcode Date last seen Copy number Cost, replacement price Price effective from Koha item type Source of classification or shelving scheme Collection code
        Central Library Central Library 25/06/2015 Cen Lib/Ret 0.00   303.484092 AHL A-464854 25/06/2015 1 0.00 15/09/2016 English Books    
        Patel Nagar Patel Nagar 26/07/2018 BPPD/PUB 250.00   303.484092 AHL A-464855 26/07/2018   250.00 26/07/2018 English Books Dewey Decimal Classification Non-fiction

© Delhi Public Library
Hit Counter
free hit counter